<?xml version="1.0" encoding="UTF-8"?>
<marc:record xmlns:marc="http://www.loc.gov/MARC21/slim">
   <marc:leader>00000nam a2200000 a 4500</marc:leader>
   <marc:datafield ind1="1" ind2=" " tag="100">
      <marc:subfield code="a">Seibel, Antje</marc:subfield>
      <marc:subfield code="4">aut</marc:subfield>
      <marc:subfield code="e">Verfasser/-in</marc:subfield>
   </marc:datafield>
   <marc:datafield ind1=" " ind2=" " tag="653">
      <marc:subfield code="a">Hörbuch ab 5 Jahren</marc:subfield>
   </marc:datafield>
   <marc:datafield ind1=" " ind2=" " tag="653">
      <marc:subfield code="a">Tiere</marc:subfield>
   </marc:datafield>
   <marc:datafield ind1="0" ind2="0" tag="245">
      <marc:subfield code="a">Große Giganten und winzige Wunder</marc:subfield>
   </marc:datafield>
   <marc:datafield ind1="0" ind2="0" tag="245">
      <marc:subfield code="b">Wissen und Lernen : Hörspiel ab 5 Jahren</marc:subfield>
   </marc:datafield>
   <marc:datafield ind1="0" ind2="0" tag="245">
      <marc:subfield code="c">Seibel, Antje</marc:subfield>
   </marc:datafield>
   <marc:datafield ind1=" " ind2="1" tag="264">
      <marc:subfield code="a">Düsseldorf</marc:subfield>
      <marc:subfield code="b">Boxine GmbH</marc:subfield>
      <marc:subfield code="c">2024</marc:subfield>
   </marc:datafield>
   <marc:datafield ind1="1" ind2=" " tag="490">
      <marc:subfield code="a">Tonie-Hörfiguren</marc:subfield>
   </marc:datafield>
   <marc:datafield ind1="1" ind2=" " tag="520">
      <marc:subfield code="a">Große Giganten und winzige Wunder&#xD;
Tiere gibt es in allen Formen und Größen. Vom kolossalen Elefanten bis zur winzigen Ameise, es ist alles dabei! Erfahre alles darüber, wie Tiere sich ihre Größe zu Nutzen machen.&#xD;
&#xD;
Staunen, Stapeln, Sammeln - entdecke jetzt Clever Tonies mit tierischen Wissensthemen&#xD;
&#xD;
Mit ihrem magischen Gefährt, der Lodistar, begibt sich die abenteuerlustige Entdeckerin Quinn auf die Suche nach den abgefahrensten Tieren auf unserem Planeten. Dabei treffen sie ganz schön viele Rekordhalter. Die größten, die schwersten, die schnellsten, die schlausten, und noch so viele mehr!&#xD;
&#xD;
Komm an Bord und begib dich auf eine spannende und lehrreiche Reise voller Spaß, Fakten und Fantasie.</marc:subfield>
   </marc:datafield>
   <marc:datafield ind1="3" ind2=" " tag="024">
      <marc:subfield code="a">4251192148452</marc:subfield>
   </marc:datafield>
   <marc:datafield ind1=" " ind2=" " tag="338">
      <marc:subfield code="a">Gegenstand</marc:subfield>
   </marc:datafield>
   <marc:datafield ind1=" " ind2=" " tag="300">
      <marc:subfield code="a">1 Tonie-Figur (32')</marc:subfield>
   </marc:datafield>
</marc:record>
